|
|
|
|
| LEADER |
01143nam a2200277 4500 |
| 001 |
00023386 |
| 008 |
111121s2000 bg w 000 0 mul d |
| 040 |
|
|
|a BD-DhAAL
|c BD-DhAAL
|
| 082 |
0 |
0 |
|a 348.5492/046
|2 22
|
| 130 |
0 |
|
|a BLD
|
| 245 |
0 |
0 |
|a Bangladesh Legal Decisions,
|n volume no.20 /
|c editor in charge Tabarak Hussain
|
| 246 |
1 |
7 |
|a B.L.D.
|
| 260 |
|
|
|a Dhaka :
|b Bangladesh Bar Council,
|c 2000
|
| 300 |
|
|
|a Various pagings ;
|c 24 cm.
|
| 362 |
0 |
|
|a Vol.XX,2000
|
| 500 |
|
|
|a REGN. NO. DA513, Volume XX
|
| 500 |
|
|
|a Appellate Div.High Court Div. BD, Statutes
|
| 590 |
|
|
|a Published yearly.
|
| 541 |
|
|
|e 00023386
|
| 650 |
|
0 |
|a Law reports, digests, etc.
|z Bangladesh.
|
| 700 |
1 |
|
|a Hussain,Tabarak
|
| 710 |
1 |
|
|a Bangladesh Bar Council.
|
| 852 |
1 |
|
|a Ayesha Abed Library
|j General shelf
|
| 999 |
|
|
|c 11462
|d 11462
|
| 952 |
|
|
|0 0
|1 0
|4 0
|6 348_549204600000000_BAN
|7 0
|9 18624
|a BRACUL
|b BRACUL
|c REF
|d 2011-11-21
|l 9
|o 348.5492046 BAN
|p 3010023386
|r 2017-11-19
|s 2017-11-19
|t 1
|w 2011-11-21
|y RSV
|
| 952 |
|
|
|0 0
|1 0
|2 ddc
|4 0
|6 348_549204600000000_BAN
|7 0
|9 19975
|a BRACUL
|b BRACUL
|c REF
|d 2012-04-10
|l 8
|o 348.5492046 BAN
|p 3010024542
|r 2018-03-18
|s 2018-03-18
|t 2
|w 2012-04-10
|y RSV
|